| 000 | 00407nam a22001697a 4500 | ||
|---|---|---|---|
| 003 | SGT | ||
| 020 | _a9789386056733 | ||
| 082 |
_a616.0757 _bR16S |
||
| 100 | _aSINGH, HARIQBAL | ||
| 245 | _aTB. OF RADIOLOGY MUSCULOSKELETAL RADIOLOGY | ||
| 250 | _a1ST | ||
| 260 |
_aINDIA _bJAYPEE PUB _c2016 |
||
| 300 | _a142 | ||
| 650 | _aRADIOLOGY | ||
| 653 | _aRADIOLOGY MUSCULOSKELETAL RADIOLOGY | ||
| 942 |
_2ddc _cBK |
||
| 999 |
_c25436 _d25436 |
||